Beyond Religion (Record no. 16572)

MARC details
000 -LEADER
fixed length control field 00578nam a2200229 a 4500
020 ## - INTERNATIONAL STANDARD BOOK NUMBER
ISBN 9789350292051
082 00 - DEWEY DECIMAL CLASSIFICATION NUMBER
Classification number 170
Author Cutter DAL
100 ## - MAIN ENTRY--AUTHOR NAME
Author name Dalai, Lama
245 ## - TITLE STATEMENT
Title Beyond Religion
Sub title Ethics for a Whole World
260 ## - PUBLICATION, DISTRIBUTION, ETC. (IMPRINT)
Place of publication Noida, U.P., India
Name of publisher Harpercollins Pubs.
Year of publication 2011
300 ## - PHYSICAL DESCRIPTION
Number of Pages 188p
500 ## - GENERAL NOTE
General note includes index and biblioraphy
650 ## - SUBJECT ADDED ENTRY--TOPICAL TERM
Topical Term Ethics
942 ## - ADDED ENTRY ELEMENTS (KOHA)
Koha item type Books
700 1# -
-- Dalai, Lama
Holdings
Home library Current library Date acquired Cost, normal purchase price Full call number Accession Number Koha item type
Henry Martyn Institute Library Henry Martyn Institute Library 01/07/2013 399.00 170 LAM 024003 Books
                   Copyright © 2026 | Henry Martyn Institute | Hyderabad | TS-500052 | INDIA | Implemented by hmi.edu.in
Hit-Count:

Powered by Koha